Chefs-lieux des provinces des Pays-Bas - Quiz - Statistiques

Statistiques générales
  • Ce quiz a été pris 62 fois
  • Le résultat moyen est 7 sur 12
Réponses sur la Carte
Les réponses sont colorées sur une échelle allant du rouge au vert en fonction du pourcentage des utilisateurs qui les ont devinées à leur premier essai. Vous pouvez retrouver ces pourcentages ci-dessous.
 
Statistiques - réponses
Province Chef-lieu % Correct
Groningue Groningue
91%
Hollande-Méridionale La Haye
91%
Utrecht Utrecht
91%
Limbourg Maastricht
65%
Brabant-Septentrional Bois-le-Duc
57%
Hollande-Septentrionale Haarlem
57%
Gueldre Arnhem
48%
Overijssel Zwolle
43%
Frise Leeuwarden
39%
Flévoland Lelystad
39%
Drenthe Assen
35%
Zélande Middelbourg
30%
Aucun quiz correspondant
Distribution des résultats
% des personnes avec chaque résultat
Percentile par nombre de réponses
Votre historique - résultats
Vous n’avez pas pris ce quiz